000 00391nam a22001457a 4500
003 SISC
005 20160226085500.0
008 140224t xxu||||| |||| 00| 0 eng d
050 _aQH 308.2
_b.K442 1983
245 _aElements of biological science /
_cWilliam T. Keeton
260 _aNew York :
_bNorton,
_cc1983.
300 _a729 p. :
_bill. ;
_c30 cm.
942 _2lcc
_cBK
999 _c42342
_d42342